Vikingové /

Main Author: Arbman, Holger, 1904-1968
Other Authors: Košnar, Lubomír, 1944-
Language: Czech
Published: Praha : Mladá fronta, 1969
Edition: 1. vyd.
Series: Kolumbus
Online Access: Digitalizovaný dokument
Physical Description: 197 s., obr. příl. : il.
Book
Saved in:
LEADER 01353nam a22003492a 4500
001 000097855
003 CZ BrMZK
005 20140630102925.0
007 ta
008 950101s1969 xr af f cze d
015 |a cnb000237826 
035 |a (OCoLC)85221660 
040 |a BOA001  |b cze 
041 1 |a cze  |h eng 
100 1 |a Arbman, Holger,  |d 1904-1968  |7 xx0024666  |4 aut 
245 1 0 |a Vikingové /  |c Holger Arbman ; z anglického originálu ... přeložil, doslov a poznámky napsal Lubomír Košnar 
250 |a 1. vyd. 
260 |a Praha :  |b Mladá fronta,  |c 1969 
300 |a 197 s., obr. příl. :  |b il. 
490 1 |a Kolumbus ;  |v sv. 43 
504 |a Obsahuje bibliografii 
700 1 |a Košnar, Lubomír,  |d 1944-  |7 jk01062051  |4 trl 
765 0 |t Vikings  |9 Česky 
830 0 |a Kolumbus  |0 s 
856 4 1 |u http://www.digitalniknihovna.cz/mzk/uuid/uuid:5c923f00-0041-11e4-9789-005056827e52  |y Digitalizovaný dokument  |x NDK 
910 |a BOA001  |b 1-0621.989  |b PK-A-0012.128 
920 |a 000036873 
990 |a BK 
991 |b 200906 
996 6 |b 2619987167  |c 1-0621.989  |l MZK  |r Sklad / do 1 hodiny  |n 12  |w 000097855  |u 000010  |a 1  |e BOA001  |j MZK50  |s P 
996 7 |b 2619992276  |c 1-0621.989  |l MZK  |r Sklad / do 1 hodiny  |n 30  |w 000097855  |u 000020  |a 1  |e BOA001  |j MZK50  |s A 
996 7 |b 3119997864  |c PK-A-0012.128  |l MZK  |r Sklad / do 1 hodiny  |n 48  |w 000097855  |u 000030  |a 1  |e BOA001  |j MZK50  |s A